000 01152cam a22003377a 4500
003 CHAP
005 20220817043826.0
008 020306d1988 mx r 00110 spa d
010 _a85435
011 _a86407
035 _a96945
040 _cCHAP
090 _aTesis
100 0 0 _aPasalagua Branch, Gerardo.
_985829
245 1 0 _aDesarrollo del programa de abasto a las zonas populares urbanas en la Ciudad de México
_c/por Gerardo Pasalagua Branch
260 _aMéxico, D.F. :
_bEl autor,
_c1988.
300 _a178 h. :
502 _aTesis (Lic en Administración de Empresas) -- Universidad Iberoamericana
590 _aALEPH
_b10
_c20130110
_lUCH01
_h1446
590 _aBATCH-UPD
_b10
_c20130110
_lUCH01
_h0535
590 _aBATCH-UPD
_b10
_c20130410
_lUCH01
_h0215
590 _aBATCH-UPD
_b10
_c20130914
_lUCH01
_h0201
590 _aCONVERSION
_b10
_c20130109
_lUCH01
_h1347
650 1 4 _aAlimentos
_xAbastecimiento.
650 1 4 _aAlimentos
_xConsumo.
_94181
650 1 4 _aPolítica alimentaria
_xMéxico.
_990410
901 _aBK
905 _aMayto Villalobos S.
942 _cTESIS
949 _aTesis
_bBC
_cTES
_d969451
_eTS1
_h39246
_i96945
_sb
999 _c85435
_d85435